000 00648nam a2200253 a 4500
001 nice12345678
003 IN_TiNIC
005 20260116013108.0
008 050524s1993 cama grp 000 0 eng
020 _a0521108
_c1032.3
082 0 0 _a190
_bNOR
100 _aNorton, David Fate
245 _aCambridge Companion to Hume
260 _aCambridge
_bCambridge University Press
_c1993
300 _a400p
500 _aincludes index and biblioraphy
505 2 _aIndex
650 _aPhilosophy-Western-Modern
650 _aPhilosophy-Hume
700 1 _aNorton, David Fate
902 _bSRS
942 _cBK
999 _c9634
_d9634